[Event "Washington State-ch Premier"]
[Site "Redmond"]
[Date "2009.02.14"]
[Round "5"]
[White "Cloy, Elston"]
[Black "Guo, Alex"]
[Result "0-1"]
[WhiteElo "2095"]
[BlackElo "2121"]
[PlyCount "74"]
[EventDate "2009.02.07"]
[EventType "tourn"]
[EventRounds "9"]
[EventCountry "USA"]
[SourceTitle "EXT 2017"]
[Source "ChessBase"]
[SourceDate "2016.10.25"]
[SourceVersion "1"]
[SourceVersionDate "2016.10.25"]
[SourceQuality "1"]

1. Nc3 d5 2. e4 d4 3. Nce2 e5 4. Ng3 g6 5. Bc4 Nc6 6. d3 Bg7 7. N1e2 h5 8. c3 h4 9. Nf1 Qf6 10. cxd4 exd4 11. f4 a6 12. g3 Nh6 13. Nd2 Bg4 14. 0-0 0-0 15. a3 a5 16. Rb1 Rfe8 17. e5 Qf5 18. Ne4 Qh5 19. Rf2 Rad8 20. Qe1 Be6 21. Bxe6 fxe6 22. b4 Ng4 23. bxa5 Nxf2 24. Qxf2 Rf8 25. Rxb7 Nxe5 26. Rxc7 Nxd3 27. Qf1 Nxc1 28. Nxc1 Qxa5 29. Rc5 Qxa3 30. Qh3 Qe3+ 31. Nf2 d3 32. Re5 Qxc1+ 33. Kg2 Qc6+ 34. Re4 Rd6 35. Qg4 d2 36. Qxg6 Rf6 37. Qg4 d1Q 0-1

[Event "Washington State-ch Premier"]
[Site "Redmond"]
[Date "2009.02.14"]
[Round "6"]
[White "Kelley, Dereque D"]
[Black "Cloy, Elston"]
[Result "1-0"]
[WhiteElo "2099"]
[BlackElo "2095"]
[PlyCount "67"]
[EventDate "2009.02.07"]
[EventType "tourn"]
[EventRounds "9"]
[EventCountry "USA"]
[SourceTitle "EXT 2017"]
[Source "ChessBase"]
[SourceDate "2016.10.25"]
[SourceVersion "1"]
[SourceVersionDate "2016.10.25"]
[SourceQuality "1"]

1. d4 Nf6 2. Nf3 e6 3. c4 c5 4. d5 exd5 5. cxd5 d6 6. Nc3 g6 7. Nd2 Bg7 8. e4 0-0 9. Be2 a6 10. a4 Nbd7 11. 0-0 Rb8 12. Re1 Ne8 13. Kh1 Nc7 14. Nc4 Ne5 15. Nxe5 Bxe5 16. f4 Bd4 17. a5 b5 18. axb6 Rxb6 19. Bf3 Re8 20. Be3 Bxe3 21. Rxe3 Rxb2 22. e5 dxe5 23. fxe5 Qg5 24. Qe1 Nb5 25. Ne4 Qd8 26. Nf6+ Kg7 27. Nxe8+ Qxe8 28. Qh4 Nd4 29. Qf6+ Kg8 30. e6 fxe6 31. dxe6 Bb7 32. Bxb7 Rxb7 33. e7 Nc2 34. Rf1 1-0

[Event "Washington State-ch Premier"]
[Site "Redmond"]
[Date "2009.02.07"]
[Round "1"]
[White "Cloy, Elston"]
[Black "Smith, Allen S"]
[Result "0-1"]
[WhiteElo "2095"]
[BlackElo "1984"]
[PlyCount "64"]
[EventDate "2009.02.07"]
[EventType "tourn"]
[EventRounds "9"]
[EventCountry "USA"]
[SourceTitle "EXT 2017"]
[Source "ChessBase"]
[SourceDate "2016.10.25"]
[SourceVersion "1"]
[SourceVersionDate "2016.10.25"]
[SourceQuality "1"]

1. Nf3 Nf6 2. g3 d5 3. Bg2 Bf5 4. 0-0 e6 5. d3 Bd6 6. Nbd2 0-0 7. c4 c6 8. Qc2 Nbd7 9. e4 Bg6 10. b3 dxe4 11. dxe4 Nc5 12. Nh4 Be5 13. Nxg6 hxg6 14. Ba3 Qa5 15. Bxc5 Qxc5 16. Rad1 Rad8 17. Nf3 Bc7 18. Qe2 Bb6 19. Ne1 Rxd1 20. Qxd1 Rd8 21. Qe2 Qd4 22. a4 Qc3 23. Qf3 Qb2 24. Nd3 Qxb3 25. Ne5 Qb2 26. Nd3 Qc2 27. Nf4 Qxc4 28. e5 Nd5 29. Nxd5 Rxd5 30. Qa3 Rxe5 31. Qe7 Rf5 32. Qd8+ Bxd8 0-1

[Event "Washington State Invitational"]
[Site "Seattle"]
[Date "2008.02.17"]
[Round "7"]
[White "Calpo, Benjamin V"]
[Black "Cloy, Elston"]
[Result "1/2-1/2"]
[WhiteElo "2018"]
[BlackElo "1958"]
[PlyCount "57"]
[EventDate "2008.02.09"]
[EventType "tourn"]
[EventRounds "9"]
[EventCountry "USA"]
[SourceTitle "EXT 2017"]
[Source "ChessBase"]
[SourceDate "2016.10.25"]
[SourceVersion "1"]
[SourceVersionDate "2016.10.25"]
[SourceQuality "1"]

1. e4 e5 2. Nf3 Nc6 3. Bc4 Nf6 4. d4 exd4 5. e5 d5 6. Bb5 Ne4 7. Nxd4 Bc5 8. 0-0 0-0 9. Nxc6 bxc6 10. Bd3 Qh4 11. Bxe4 Qxe4 12. Re1 Qh4 13. Qf3 Bg4 14. Qg3 Qxg3 15. hxg3 Rab8 16. Nd2 f6 17. e6 Rfe8 18. Nb3 Bd6 19. Be3 Rxe6 20. c3 Ree8 21. f3 Bxg3 22. fxg4 Bxe1 23. Rxe1 c5 24. Nxc5 Rxb2 25. a4 Kf7 26. Bf2 Rxe1+ 27. Bxe1 Ke7 28. Bf2 Kd6 29. Bd4 1/2-1/2

[Event "Washington State Invitational"]
[Site "Seattle"]
[Date "2008.02.16"]
[Round "5"]
[White "Hosford, Michael J"]
[Black "Cloy, Elston"]
[Result "0-1"]
[WhiteElo "1878"]
[BlackElo "1958"]
[PlyCount "90"]
[EventDate "2008.02.09"]
[EventType "tourn"]
[EventRounds "9"]
[EventCountry "USA"]
[SourceTitle "EXT 2017"]
[Source "ChessBase"]
[SourceDate "2016.10.25"]
[SourceVersion "1"]
[SourceVersionDate "2016.10.25"]
[SourceQuality "1"]

1. e4 c5 2. Nf3 Nc6 3. Bb5 g6 4. 0-0 Bg7 5. c3 Nf6 6. Qe2 0-0 7. d4 cxd4 8. cxd4 a6 9. Bxc6 bxc6 10. Nc3 a5 11. Rd1 Ba6 12. Qe1 Rb8 13. Rb1 Ne8 14. Bf4 Rb4 15. Qe3 Nd6 16. b3 Re8 17. Rbc1 Nb5 18. Na4 Bb7 19. Nc5 Ba8 20. Na6 d6 21. Nxb4 axb4 22. Bh6 Bh8 23. Ng5 e6 24. e5 Nc3 25. Rd2 f6 26. Nf3 Nd5 27. Qd3 Qe7 28. h4 Nc3 29. Bf4 dxe5 30. dxe5 Nd5 31. Bg3 f5 32. Qd4 h6 33. Qc5 Qf7 34. a4 bxa3 35. Qxa3 f4 36. Bh2 Qf5 37. Qd6 g5 38. hxg5 hxg5 39. Qd7 Rf8 40. Re1 c5 41. Ra2 Nb4 42. Ra7 Bxf3 43. gxf3 Nd3 44. Rd1 Nxe5 45. Qb7 Qh3 0-1

[Event "Washington Class-ch Expert"]
[Site "Seattle"]
[Date "2007.11.24"]
[Round "4"]
[White "Oshiro, Michael"]
[Black "Cloy, Elston"]
[Result "1/2-1/2"]
[WhiteElo "2126"]
[BlackElo "1919"]
[PlyCount "55"]
[EventDate "2007.11.23"]
[EventType "swiss"]
[EventRounds "6"]
[EventCountry "USA"]
[SourceTitle "EXT 2017"]
[Source "ChessBase"]
[SourceDate "2016.10.25"]
[SourceVersion "1"]
[SourceVersionDate "2016.10.25"]
[SourceQuality "1"]

1. g3 d5 2. Nf3 Nf6 3. Bg2 c6 4. b3 Bf5 5. Bb2 Nbd7 6. 0-0 Qc7 7. c4 e5 8. cxd5 cxd5 9. Nc3 d4 10. Nb5 Qb6 11. Na3 Be6 12. Rc1 Bxa3 13. Bxa3 Qa6 14. Bb2 Qxa2 15. Rb1 0-0 16. d3 Nd5 17. Qd2 h6 18. e3 dxe3 19. fxe3 f6 20. e4 Nc7 21. d4 exd4 22. Nxd4 Qa6 23. Rf2 Nc5 24. Bf1 b5 25. Rc1 Rac8 26. Qb4 Qb6 27. Rxc5 Bd7 28. Rfc2 1/2-1/2

[Event "Washington Class-ch Expert"]
[Site "Seattle"]
[Date "2007.11.23"]
[Round "1"]
[White "May, Andy P"]
[Black "Cloy, Elston"]
[Result "1/2-1/2"]
[WhiteElo "2104"]
[BlackElo "1919"]
[PlyCount "101"]
[EventDate "2007.11.23"]
[EventType "swiss"]
[EventRounds "6"]
[EventCountry "USA"]
[SourceTitle "EXT 2017"]
[Source "ChessBase"]
[SourceDate "2016.10.25"]
[SourceVersion "1"]
[SourceVersionDate "2016.10.25"]
[SourceQuality "1"]

1. e4 e5 2. Nf3 Nc6 3. d4 exd4 4. Bc4 Nf6 5. e5 d5 6. Bb5 Ne4 7. Nxd4 Bd7 8. Bxc6 bxc6 9. 0-0 Bc5 10. f3 Ng5 11. f4 Ne4 12. Be3 0-0 13. Nc3 Nxc3 14. bxc3 Qe7 15. Qf3 f6 16. Qg3 Rae8 17. e6 Bxd4 18. Bxd4 Bxe6 19. f5 Bc8 20. Qf2 Qd8 21. Bxa7 Re5 22. g4 Re4 23. h3 Rfe8 24. Rae1 Qe7 25. Rxe4 Qxe4 26. Rd1 Ba6 27. Bd4 Qe2 28. Qxe2 Rxe2 29. Rb1 Re8 30. Rb3 h5 31. gxh5 Kh7 32. Ra3 Bc8 33. Ra7 Bxf5 34. Rxc7 Rc8 35. Re7 Kh6 36. a4 Bxc2 37. a5 c5 38. Be3+ Kxh5 39. Rxg7 Ra8 40. Rd7 Be4 41. Rd6 Rxa5 42. Rxf6 Kh4 43. Kh2 Ra2+ 44. Rf2 Rxf2+ 45. Bxf2+ Kg5 46. Bxc5 Kh4 47. Be7+ Kh5 48. Kg3 Bh1 49. Kf4 Bg2 50. h4 Bh1 51. Ke5 1/2-1/2

[Event "Washington op"]
[Site "Seattle"]
[Date "2007.05.28"]
[Round "5"]
[White "Bartron, Paul"]
[Black "Cloy, Elston"]
[Result "1-0"]
[WhiteElo "2196"]
[BlackElo "2090"]
[PlyCount "85"]
[EventDate "2007.05.26"]
[EventType "swiss"]
[EventRounds "6"]
[EventCountry "USA"]
[SourceTitle "EXT 2017"]
[Source "ChessBase"]
[SourceDate "2016.10.25"]
[SourceVersion "1"]
[SourceVersionDate "2016.10.25"]
[SourceQuality "1"]

1. d4 Nf6 2. Nf3 g6 3. g3 Bg7 4. Bg2 0-0 5. 0-0 d6 6. c4 c5 7. Nc3 Nc6 8. d5 Na5 9. Nd2 a6 10. Rb1 Ng4 11. Qc2 b5 12. cxb5 axb5 13. Nxb5 Ba6 14. Nc3 Ne5 15. b3 Rb8 16. Re1 Qd7 17. h3 Qa7 18. Kh2 Rfc8 19. Nf3 Nb7 20. Nxe5 Bxe5 21. Be3 Bd4 22. Qd2 Bxe3 23. Qxe3 Na5 24. Ne4 Qd7 25. Qh6 f6 26. h4 Qf5 27. Qe3 Rb4 28. Nd2 Qe5 29. Qxe5 fxe5 30. a3 Rd4 31. Nf3 Rxd5 32. Bh3 Kf7 33. Ng5+ Kf6 34. Bxc8 Bxc8 35. b4 Nc4 36. bxc5 Rxc5 37. Ne4+ Ke6 38. Nxc5+ dxc5 39. Rb8 Bd7 40. Rc1 Nxa3 41. Rb6+ Kf7 42. Rxc5 e4 43. Rb3 1-0

[Event "Washington State-ch Premier"]
[Site "Seattle"]
[Date "2007.02.18"]
[Round "8"]
[White "Cloy, Elston"]
[Black "Sinanan, Joshua C"]
[Result "0-1"]
[WhiteElo "2124"]
[BlackElo "2125"]
[PlyCount "82"]
[EventDate "2007.02.10"]
[EventType "tourn"]
[EventRounds "9"]
[EventCountry "USA"]
[SourceTitle "EXT 2017"]
[Source "ChessBase"]
[SourceDate "2016.10.25"]
[SourceVersion "1"]
[SourceVersionDate "2016.10.25"]
[SourceQuality "1"]

1. d4 Nf6 2. c4 e6 3. Nc3 c5 4. d5 exd5 5. cxd5 d6 6. e4 g6 7. f4 Bg7 8. Bb5+ Nfd7 9. a4 a6 10. Bc4 Qh4+ 11. g3 Qe7 12. Qe2 0-0 13. Nf3 Nb6 14. 0-0 Nxc4 15. Qxc4 b5 16. Qe2 b4 17. Nb1 a5 18. Nbd2 Ba6 19. Nc4 Nd7 20. Qc2 b3 21. Qxb3 Rab8 22. Qc2 Bxc4 23. Qxc4 Rb4 24. Qc2 Rxe4 25. Bd2 Nf6 26. Rae1 Rxe1 27. Rxe1 Qb7 28. Bxa5 Qxd5 29. Qd1 Qc6 30. Bc3 Ne4 31. Bxg7 Kxg7 32. Nd2 f5 33. Qc2 Re8 34. b4 Qb6 35. bxc5 dxc5 36. Nc4 Qf6 37. Ne5 Rxe5 38. fxe5 Qxe5 39. Qd1 c4 40. Qd7+ Kh6 41. Qd2+ Nxd2 0-1

[Event "Washington State-ch Premier"]
[Site "Seattle"]
[Date "2007.02.11"]
[Round "3"]
[White "Ballard, Clint"]
[Black "Cloy, Elston"]
[Result "1/2-1/2"]
[WhiteElo "2062"]
[BlackElo "2124"]
[PlyCount "110"]
[EventDate "2007.02.10"]
[EventType "tourn"]
[EventRounds "9"]
[EventCountry "USA"]
[SourceTitle "EXT 2017"]
[Source "ChessBase"]
[SourceDate "2016.10.25"]
[SourceVersion "1"]
[SourceVersionDate "2016.10.25"]
[SourceQuality "1"]

1. f4 g6 2. e4 c5 3. d4 Bg7 4. d5 d6 5. Nc3 Nf6 6. Bb5+ Nfd7 7. Nf3 0-0 8. 0-0 a6 9. Bxd7 Nxd7 10. Ne2 b5 11. a3 Nb6 12. Ng3 e6 13. dxe6 fxe6 14. e5 d5 15. b4 Qc7 16. bxc5 Nc4 17. Qd4 Bd7 18. Nd2 Nxe5 19. fxe5 Bxe5 20. Qe3 Rxf1+ 21. Ngxf1 Bxa1 22. c3 Qa5 23. c6 Bc8 24. Nb3 Qxc3 25. Nxa1 Qxa1 26. Qg5 Qg7 27. Qd8+ Qf8 28. c7 Bb7 29. Bg5 Rc8 30. Ne3 h5 31. h4 Kh7 32. Bf6 Qf7 33. Be5 d4 34. Qxd4 Rxc7 35. Bxc7 Qxc7 36. Kf2 e5 37. Qb4 Qf7+ 38. Ke2 Kg7 39. Qc3 Qe7 40. g4 Kh7 41. gxh5 gxh5 42. Nf5 Qf7 43. Qxe5 Qc4+ 44. Ke3 Qc1+ 45. Ke2 Qc2+ 46. Ke3 Qb3+ 47. Kf4 Qf3+ 48. Kg5 Qg4+ 49. Kf6 Qg6+ 50. Ke7 Bc8 51. Nd6 Bg4 52. Ne8 Kh6 53. Qf4+ Kh7 54. Nf6+ Kg7 55. Ne8+ Kh7 1/2-1/2

[Event "Washington State-ch Premier"]
[Site "Seattle"]
[Date "2007.02.11"]
[Round "4"]
[White "Cloy, Elston"]
[Black "Kalina, Chris"]
[Result "1/2-1/2"]
[WhiteElo "2124"]
[BlackElo "2079"]
[PlyCount "31"]
[EventDate "2007.02.10"]
[EventType "tourn"]
[EventRounds "9"]
[EventCountry "USA"]
[SourceTitle "EXT 2017"]
[Source "ChessBase"]
[SourceDate "2016.10.25"]
[SourceVersion "1"]
[SourceVersionDate "2016.10.25"]
[SourceQuality "1"]

1. d4 Nf6 2. c4 g6 3. Nc3 Bg7 4. e4 d6 5. f3 0-0 6. Be3 e5 7. d5 Ne8 8. Qd2 f5 9. 0-0-0 c5 10. dxc6 bxc6 11. c5 Be6 12. cxd6 Nd7 13. exf5 gxf5 14. g4 f4 15. Bf2 Qa5 16. Bd3 1/2-1/2

[Event "Washington State-ch Premier"]
[Site "Seattle"]
[Date "2007.02.10"]
[Round "2"]
[White "Cloy, Elston"]
[Black "May, Andy P"]
[Result "0-1"]
[WhiteElo "2124"]
[BlackElo "2054"]
[PlyCount "54"]
[EventDate "2007.02.10"]
[EventType "tourn"]
[EventRounds "9"]
[EventCountry "USA"]
[SourceTitle "EXT 2017"]
[Source "ChessBase"]
[SourceDate "2016.10.25"]
[SourceVersion "1"]
[SourceVersionDate "2016.10.25"]
[SourceQuality "1"]

1. d4 Nf6 2. Nc3 d5 3. Bg5 Bf5 4. f3 Nbd7 5. Nxd5 Nxd5 6. e4 h6 7. Bc1 e6 8. exf5 exf5 9. Qd3 Bd6 10. g3 0-0 11. Bd2 c5 12. 0-0-0 cxd4 13. Qxd4 N7b6 14. Bd3 Qc7 15. Ne2 Be5 16. Qh4 Bf6 17. Qh3 Rac8 18. Qxf5 g6 19. Qg4 h5 20. Qh3 Qe5 21. c3 Nb4 22. Be4 Nc4 23. Kb1 Nxb2 24. Kxb2 Qb5 25. Ka1 Qxe2 26. Qf1 Rxc3 27. Kb1 Rc2 0-1

[Event "Washington Class-ch Master/Expert"]
[Site "Seattle"]
[Date "2006.11.26"]
[Round "6"]
[White "Cloy, Elston"]
[Black "Davies, Lucas"]
[Result "0-1"]
[WhiteElo "1955"]
[BlackElo "2182"]
[PlyCount "82"]
[EventDate "2006.11.24"]
[EventType "swiss"]
[EventRounds "6"]
[EventCountry "USA"]
[SourceTitle "EXT 2017"]
[Source "ChessBase"]
[SourceDate "2016.10.25"]
[SourceVersion "1"]
[SourceVersionDate "2016.10.25"]
[SourceQuality "1"]

1. d4 Nf6 2. c4 g6 3. Nc3 Bg7 4. e4 d6 5. Nf3 0-0 6. Be2 e5 7. 0-0 Nc6 8. d5 Ne7 9. Ne1 Nd7 10. Be3 f5 11. f3 f4 12. Bf2 g5 13. Nd3 Rf6 14. c5 Rh6 15. cxd6 cxd6 16. Rc1 Nf6 17. Qb3 Qe8 18. Nb5 Qh5 19. Rxc8+ Nxc8 20. h3 Nxe4 21. Qb4 Ng3 22. Bxg3 fxg3 23. Nc7 Rb8 24. Na6 e4 25. Nxb8 exd3 26. Bxd3 Nb6 27. Re1 Qf7 28. Qe4 Qf8 29. Qe7 Qxe7 30. Rxe7 Nxd5 31. Bc4 Kf8 32. Re4 Nb6 33. Bb5 d5 34. Re8+ Kf7 35. Rd8 Re6 36. Kf1 Bf6 37. Rd7+ Nxd7 38. Nxd7 Bd4 39. Bd3 Bf2 40. Be2 Ke7 41. Nb8 d4 0-1

[Event "Washington Class-ch Master/Expert"]
[Site "Seattle"]
[Date "2006.11.24"]
[Round "1"]
[White "Collyer, Curt D"]
[Black "Cloy, Elston"]
[Result "1-0"]
[WhiteElo "2201"]
[BlackElo "1955"]
[PlyCount "77"]
[EventDate "2006.11.24"]
[EventType "swiss"]
[EventRounds "6"]
[EventCountry "USA"]
[SourceTitle "EXT 2017"]
[Source "ChessBase"]
[SourceDate "2016.10.25"]
[SourceVersion "1"]
[SourceVersionDate "2016.10.25"]
[SourceQuality "1"]

1. d4 Nf6 2. Nf3 e6 3. c4 d5 4. g3 Be7 5. Bg2 0-0 6. 0-0 b6 7. Nc3 Nbd7 8. cxd5 exd5 9. Ne5 Bb7 10. Qa4 Nxe5 11. dxe5 Ne8 12. Rd1 c6 13. e4 b5 14. Qb3 d4 15. Ne2 c5 16. Qxb5 Qb6 17. Qd7 Bd8 18. Nf4 Bc8 19. Qa4 Nc7 20. Bd2 Ne6 21. Nd5 Qb7 22. Rac1 Bd7 23. Qa3 Bb5 24. f4 Bb6 25. Kh1 Rfe8 26. Qf3 Qa6 27. Bf1 Bxf1 28. Rxf1 Qxa2 29. f5 Nd8 30. Ra1 Qxb2 31. Bh6 Rxe5 32. Qf4 Rxd5 33. exd5 d3 34. f6 g6 35. Qe3 Nb7 36. Qe7 d2 37. Qxb7 Rd8 38. Qe7 Qxa1 39. Rxa1 1-0